000 00386nam a2200133Ia 4500
008 190108s9999 xx 000 0 und d
020 _a9780439023528
100 _aCollins, Suzanne
245 _cSuzanne Collins
_aThe Hunger games/
260 _aNY:
_bScholastic Inc.
_c2008
300 _a374 pages :
_c200 cm.
650 _aSurvival -- fiction
650 _aTelevision program -- fiction
999 _c360332
_d360332